Využitie modelov a metód sieťovej analýzy pri manažérskom riadení projektov bakalárska práca

Gespeichert in:
Bibliographische Detailangaben
1. Verfasser: Holbová, Vladimíra
Körperschaft: Fakulta hospodárskej informatiky EU. Katedra operačného výskumu a ekonometrie
Weitere Verfasser: Domonkos, Tomáš
Format: Buch
Sprache:Slowakisch
Veröffentlicht: Bratislava 2010
Tags: Tag hinzufügen
Keine Tags, Fügen Sie das erste Tag hinzu!

MARC

LEADER 00000nbm a2200000 4500
001 0136152
005 20160428114439.5
041 0 |a slo 
044 |a SK 
245 1 0 |a Využitie modelov a metód sieťovej analýzy pri manažérskom riadení projektov  |b bakalárska práca  |c Vladimíra Holbová ; školiteľ: Tomáš Domonkos 
264 1 |a Bratislava  |c 2010 
300 |a 42 s. 
100 1 |a Holbová, Vladimíra 
700 1 |a Domonkos, Tomáš 
710 2 |a Fakulta hospodárskej informatiky EU. Katedra operačného výskumu a ekonometrie